000 00318nam a22001457a 4500
008 230703b ||||| |||| 00| 0 eng d
020 _a2800471354088
041 _aeng
080 _a541
082 _a541GRE
100 _a14
101 _aKIMI
245 _aA CHEMICAL HISTORY TOUR
_cGREENBERG.A
942 _2udc
_cBK
999 _c60081
_d60081